| 000 | 02398cam a2200481 a 4500 | ||
|---|---|---|---|
| 001 | 13010757 | ||
| 003 | BJBSDDR | ||
| 005 | 20260409161211.0 | ||
| 007 | ta | ||
| 008 | 021024s2021 fr b 000 0 fre d | ||
| 010 | _a 2002551040 | ||
| 020 | _a9782130825210 | ||
| 020 | _a2130825214 | ||
| 035 | _a13010757 | ||
| 035 | _a(CStRLIN)NYULB4300798-B | ||
| 035 | _a(NNU-L)b4300798 | ||
| 040 |
_aTZT _cTZT _dUIU _dNNU-L _dMvI _dMvI _dCStRLIN _dDLC _bfre |
||
| 041 | _afre | ||
| 042 | _alccopycat | ||
| 043 | _ae-fr--- | ||
| 050 | 1 | 4 |
_aKJV 5406 _bV259d 2021 |
| 082 | 0 | 0 | _a344.4404/6 |
| 100 | 1 |
_aVan Lang, Agathe, _d1966- _944666 |
|
| 245 | 1 | 0 |
_aDroit de l'environnement / _cAgathe Van Lang. |
| 250 | _a5e édition mise à jour | ||
| 260 |
_aParis : _bPresses Universitaires de France, _cc2021. |
||
| 300 |
_axviii, 623 pages ; _c22 cm. |
||
| 336 |
_atext _btxt _2rdacontent |
||
| 337 |
_aunmediated _bn _2rdamedia |
||
| 338 |
_avolume _bnc _2rdacarrier |
||
| 490 | 1 | _aThémis. | |
| 500 | _aPuf = Presses universitaires de France | ||
| 504 | _aIncludes bibliographical references (pages [467]-475) | ||
| 520 | _aDepuis la nuit des temps, les hommes ont plié la nature et ses ressources à la satisfaction de leurs besoins en lui faisant subir de redoutables transformations qui, jusqu'au début du XXe siècle, se sont produits à un rythme suffisamment lent pour que la nature puisse s'adapter. Le développement de la société industrielle dominée par une logique de production intense a précipité le déséquilibre. Parallèlement, des normes ont été édictées pour "protéger" les milieux naturels, ceci dès la plus haute Antiquité. Contrairement aux autres disciplines juridiques, ce droit ne jouit pas d'un statut bien défini : les notions et règles sont jugées floues, ses frontières et sa nature, entre droit public et droit privé, sont imprécises. Mais c'est un droit résolument moderne dont le pouvoir de renouvellement et d'adaptation est réel. »-- Résumé de l'éditeur | ||
| 650 | 0 |
_aEnvironmental law _zFrance. |
|
| 650 | 4 |
_aDerecho ambiental _zFrancia _96027 |
|
| 830 | 0 |
_aThémis. _pDroit _99883 |
|
| 906 |
_a7 _bcbc _ccopycat _d3 _encip _f20 _gy-gencatlg |
||
| 942 |
_2lcc _cBK |
||
| 946 | _irmza | ||
| 999 |
_c124980 _d124980 |
||